Quizzes
Events
Quiz Creation
Community
Videos
Private Events
Remove Ads
Sign In
Join for FREE
Feedback
Dark Mode
Quiz Categories
Sports
Geography
Music
Movies
Television
Just For Fun
Miscellaneous
History
Literature
Language
Science
Gaming
Entertainment
Religion
Holiday
For Kids
Quiz Lab
Recent
Popular Today
Quiz Kudos Today
Editor Picks
Curator Picks
Quizzes by...
Day
Popularity
Type
Ratings
Length
Year
Community
Subscriptions
Recent Discussions
Orange Saloon
Badges
Playlists
Quests
Create
Leaderboards
Showdown
Live 5
Trivia Bingo
Activity
Puzzle Library
Sporcle Events
Private Events
Virtual Trivia
Globe League
Become a Host
Pub Owners
SporcleCon
Opinionation
Our Games
Videos
Blog
Mobile Apps
Partnerships
Remove Ads and Go Orange
Feedback
Movies
Disney
Marvel Cinematic Universe
Movie Resume
Movie Titles
Oscar
Actor
Actress
Director
Pixar
Role
Movie Quotes
Movie Characters
Box Office
Nominee
Best Picture
Star Wars
James Bond
Horror Movies
Movies
Disney
Marvel Cinematic Universe
Movie Resume
Movie Titles
Oscar
Actor
Actress
Director
Pixar
Role
Movie Quotes
Movie Characters
Box Office
Nominee
Best Picture
Star Wars
James Bond
Horror Movies
Random Quiz
Search Sporcle
×
Quiz Lab
Quiz Lab
Movies
teen
Type in answers that appear in a list
Type in answers that appear in a list
Classic
Best Score? Go Orange.
Teen Wolf Quiz Stats
Can you name the Teen Wolf trivia?
By
rollo285
10m
34 Questions
810 Plays
810 Plays
810 Plays
Comments
Comments
Give Quiz Kudos
Give Quiz Kudos
-
- Ratings
hide this ad
More Info
Replay
Link that replays current quiz
Next Quiz
Link to next quiz in quiz playlist
You Got
0%
They Got
Avg Score
17%
Avg Friend Score
Upgrade to see
Score Distribution
Jump to the score distribution portion of the page
Score
0/34
Timer
10:00
0
Plays Today
Question
Answer
% Correct
Michael J. Fox's name?
Scott
89.7%
His Best Friend's name?
Stiles
72.9%
His 'Girl Friend's' name?
Boof
30%
Teammate(s) name on the basketball team?
Chubby
24.8%
Basketball team mascot?
Beavers
23.6%
Where does Scott first transform into the wolf?
Bathroom
22.2%
What Teen Wolf asks for at the liquor store?
give me a keg of beer
20.9%
Name of the Song Teen Wolf rides on top of the fan?
Surfin USA
20.9%
The Teen Wolf hears a loud noise at his father's hardware store, what was the noise?
dog whistle
19.5%
Rival 'Jerk'/
Competition name?
Mick
18.8%
the 'Girl of his Dreams' name?
Pamela
18.4%
What color is Teen Wolf's basketball jersey?
Yellow
18%
Name of Teen Wolf's High School?
Beacon
17.9%
Nickname of the 'Van'?
Wolfmobile
17.6%
His Father's name?
Harold
16.2%
Teen Wolf's basketball jersey number?
42
15.9%
Rival Basketball team's mascot?
Dragons
15.5%
Question
Answer
% Correct
His other 'good' friend's name?
Lewis
14%
Who played Teen Wolf in Teen Wolf Too?
Jason Bateman
13.6%
What Teen Wolf quotes before Van Surfing?
These waves are mine
13.5%
Name of the song played during the final Basketball District Championship?
Win in the end
12.4%
Basketball Coach's name?
Coach Finstock
12%
Teen Wolf's Rival's jersey number?
25
11.7%
Nickname given to the transformation into Teen Wolf?
Wolf Out
11.5%
Vice Principal's name?
Rusty Thorne
7.9%
What does the Vice Principal do when encounter by Teen Wolf's dad?
Pees his pants
7.9%
Name of the Song playing while Teen Wolf is getting ready for the Spring Dance?
Stayin Alive
6.9%
What is the Final Score of the Championship game?
52-51
6.8%
What company sponsors the basketball jersey?
Adidas
6.4%
What is the Saying(s) on Teen Wolf's friends shirt(s)?
Life sucks then you die
6.2%
What does Teen Wolf 'sniff' out in the garage for his buddy?
a bag of weed
5.8%
What is the slogan on the Shirts being sold at school?
Wolf Buddy
5.2%
Whats the name of the Liquor Store?
Tony's Liquors
2.3%
What does Teen Wolf ask his GF at the Spring Dance?
You still wanna dance with the wolf
2%
Quiz Playlist
Details
Report
Send in Message
Add To Playlist
More Info:
Please Rate this Quiz and Leave Feedback through Comments. Thanks
Classic:
Type in answers that appear in a list
Last Updated: Feb 16, 2017
Quiz Scoreboard
CHALLENGE
Sign Up to Join the Scoreboard
Show All
Scores
Hide
Comments
May contain spoilers
Recently Published
College Basketball Coaching Resumes
by pancakes188
Sports
9m
Billboard Blitz: Fleetwood Mac
by CooCooCachoo
Music
15s
Presidents Visiting Landmarks
by Hejman
History
7m
More to Explore
Quiz From the Vault
Featured Blog Post
Where Did the Easter Bunny Come From?
hide this ad
You Might Also Like...
Tags
teen
Wolf
Today's Top Quizzes in Movies
Browse Movies
hide this ad
Today's Top Quizzes in teen
Browse teen
Top Contributed Quizzes in Movies
1
Pick 5 Posters: Directed by Spielberg
2
7-to-1: Pixar Characters
3
Pick 5 Posters: Lowest-Rated Spielberg
4
Sorting Actors
5
Pick 5 Posters: Directed by Scorsese
6
Sorting Actresses
7
Pick 5 Posters: Star & Director
8
Pick 5 Posters: Women Directed 2020s
9
12 Movies about Fictional 1960s Events
10
Multi-Oscar Nominations, One Movie, One Winner
Explore More
Trending Topics
Kpop
Crossword
Anime
Disney
Harry Potter
Marvel
NBA
Country
Song
The Office
NFL
Soccer
Pokémon
WWE
Puzzle
hide this ad
More By:
rollo285
Quiz
Plays
Rating
Category
Featured
Created
NBA Playoffs Since 1980
1,241,819
4.75
Sports
May 20, 2010
NBA Double Double Leaders (1985-2009)
8,471
4.44
Sports
May 18, 2010
NBA Finals Single Game Individual Records
6,133
4.25
Sports
Jun 6, 2010
MLB World Series (1985-2009)
5,967
4.06
Sports
May 25, 2010
NBA Players by Nicknames
2,672
4.07
Sports
May 25, 2010
Go to Creator's Profile
Score Distribution
Quiz Creator Spotlight
rollo285
Follow
Send a Message
Quizzes Created
-
Created Quiz Play Count
-
More By This Creator
Popular Quizzes Today
1
Find the US States - No Outlines Minefield
2
Find the Countries of Europe - No Outlines Minefield
3
The Countries of the World
4
Find the US States
5
Risky Map Clicking: Biggest States A-Z
6
US States
7
Popular People in 1961
8
Movies - When Are They Set?
More Movies Quizzes
Eliminate Your Options: Movie Edition
Published
Trending Quizzes
Risky Map Clicking: Least Populous States A-Z
1-10 Letter G Words
1-10 Letter F Words
Risky Map Clicking: Next State Alphabetically
Risky Map Clicking: Biggest States A-Z
Recently Updated
Leaping Animals
pecheneg
Reality TV Shows (A-Z)
bhenderson79
Rickey Henderson's Hall of Fame Teammates
pecheneg
Champions League XIs: Arsenal
pecheneg
Quick Pick: Celebrities in WWE's Hall of Fame
aduchscher
A-Z Keypad Blitz II
pecheneg
Multiple Oscar Actors
pecheneg
Mystery Phrase Blitz: Oscar 'Best Actors'
pecheneg
F. Scott Fitzgerald Novels
LTH
Pick 3 Villains
ddd62291
Trending Topics
Crossword
NBA
Disney
Kpop
Marvel
Harry Potter
Anime
Soccer
Song
Country
WWE
Puzzle
Pokémon
NFL
The Office
Your Account Isn't Verified!
In order to create a playlist on Sporcle, you need to verify the email address you used during registration. Go to your
Sporcle Settings
to finish the process.
Report this User
Report this user for behavior that violates our
Community Guidelines
.
Details:
Send Report
Go to the Sporcle.com Mobile Site →
Comments